000 00500nam a22001457a 4500
082 _a388.4
_bCHA
_cD
100 _aU.S department of transportation
_919987
245 _aCharacteristics of urban trnapostation system
_cU.S department of transportation
260 _aWashington, DC
_bU.S department of transportation
_c1974
300 _axii, p F-4
_bill.:
526 _a0
_b0
_c0
_d388_400000000000000_CHA
650 _aNUST
_96342
700 _aU.S department of transportation
_919987
942 _2ddc
_cBK
999 _c543367
_d543367